Recent Advances and Applications of Seismic Isolation and Energy Dissipation Devices (Record no. 12178)
[ view plain ]
| 000 -LEADER | |
|---|---|
| fixed length control field | 00782nam a2200133Ia 4500 |
| 008 - FIXED-LENGTH DATA ELEMENTS--GENERAL INFORMATION | |
| fixed length control field | 220615s9999||||xx |||||||||||||| ||und|| |
| 020 ## - INTERNATIONAL STANDARD BOOK NUMBER | |
| International Standard Book Number | 9782890000000 |
| 245 #0 - TITLE STATEMENT | |
| Title | Recent Advances and Applications of Seismic Isolation and Energy Dissipation Devices |
| 546 ## - LANGUAGE NOTE | |
| Language note | English[eng] |
| 650 ## - SUBJECT ADDED ENTRY--TOPICAL TERM | |
| Topical term or geographic name entry element | seismic base isolation||energy dissipation devices||tuned mass damper||performance-based seismic engineering||reliability-based design||dampers||damper optimization||earthquake-resistant structures |
| 700 ## - ADDED ENTRY--PERSONAL NAME | |
| Personal name | De Domenico, Dario||Tubaldi, Enrico||Takewaki, Izuru||Karavasilis, Theodore||Dall’Asta, Andrea||Lavan, Oren |
| 856 ## - ELECTRONIC LOCATION AND ACCESS | |
| Uniform Resource Identifier | <a href="https://www.frontiersin.org/research-topics/9495/recent-advances-and-applications-of-seismic-isolation-and-energy-dissipation-devices">https://www.frontiersin.org/research-topics/9495/recent-advances-and-applications-of-seismic-isolation-and-energy-dissipation-devices</a> |
| 942 ## - ADDED ENTRY ELEMENTS (KOHA) | |
| Koha item type | E-Books |
| Withdrawn status | Lost status | Damaged status | Not for loan | Home library | Current library | Date acquired | Total Checkouts | Date last seen | Price effective from | Koha item type |
|---|---|---|---|---|---|---|---|---|---|---|
| Kerala University of Digital Sciences, Innovation and Technology Knowledge Centre | Kerala University of Digital Sciences, Innovation and Technology Knowledge Centre | 15/06/2022 | 15/06/2022 | 15/06/2022 | E-Books |